[Event "SVK-chT3B2 2122"]
[Site "Slovakia"]
[Date "2021.11.21"]
[Round "3.7"]
[White "Hablak, Jan"]
[Black "Orgon, Patrik"]
[Result "0-1"]
[WhiteElo "1549"]
[BlackElo "1721"]
[PlyCount "71"]
[EventDate "2021.10.24"]
[EventType "team-tourn"]
[EventRounds "11"]
[EventCountry "SVK"]
[SourceTitle "EXT 2023"]
[Source "ChessBase"]
[SourceDate "2022.10.05"]
[SourceVersion "1"]
[SourceVersionDate "2022.10.05"]
[SourceQuality "1"]
[WhiteTeam "Trencin"]
[BlackTeam "Dubnica nad Vahom III"]
[WhiteTeamCountry "SVK"]
[BlackTeamCountry "SVK"]

1. c4 b6 2. Nf3 Bb7 3. Nc3 f5 4. g3 Nf6 5. Bg2 e6 6. 0-0 Bb4 7. a3 Bxc3 8. bxc3 0-0 9. d3 Qe7 10. Bf4 d6 11. a4 a5 12. Bg5 Nbd7 13. Qb3 Nc5 14. Qb5 h6 15. Be3 Nfd7 16. Bxc5 Nxc5 17. Rfc1 Kh7 18. d4 Ba6 19. Qb2 Ne4 20. Qa2 Rae8 21. Rc2 g5 22. Nd2 Nxd2 23. Rxd2 Rf6 24. Re1 e5 25. d5 Kg7 26. e4 f4 27. f3 Ref8 28. g4 h5 29. h3 hxg4 30. hxg4 Rh8 31. Ree2 Rfh6 32. Bf1 Rh1+ 33. Kf2 Qf6 34. Ke1 Rxf1+ 35. Kxf1 Rh1+ 36. Kf2 0-1

[Event "SVK-chT3B2 1819"]
[Site "Slovakia"]
[Date "2019.02.10"]
[Round "7.6"]
[White "Krajcovic, Miroslav"]
[Black "Hablak, Jan"]
[Result "1/2-1/2"]
[WhiteElo "1683"]
[BlackElo "1437"]
[PlyCount "74"]
[EventDate "2018.10.21"]
[EventType "team-tourn"]
[EventRounds "11"]
[EventCountry "SVK"]
[SourceTitle "CBM 189 Extra"]
[Source "ChessBase"]
[SourceDate "2019.05.31"]
[SourceVersion "1"]
[SourceVersionDate "2019.05.31"]
[SourceQuality "1"]
[WhiteTeam "Povazske Podhradie "]
[BlackTeam "Trencin "]
[WhiteTeamCountry "SVK"]
[BlackTeamCountry "SVK"]

1. e4 e6 2. d4 d5 3. exd5 exd5 4. Nf3 Nf6 5. Bg5 Be7 6. Bd3 Bg4 7. 0-0 0-0 8. Re1 Nc6 9. c3 h6 10. Bf4 Bd6 11. Bxd6 Qxd6 12. Nbd2 Rfe8 13. Qc2 Ne7 14. Ne5 Nc6 15. Ndf3 Bxf3 16. Nxf3 Re7 17. Qd2 Rae8 18. h3 Ne4 19. Bxe4 Rxe4 20. Rxe4 Rxe4 21. Re1 Qe7 22. Kf1 Kf8 23. Ng1 Rxe1+ 24. Qxe1 Qxe1+ 25. Kxe1 Na5 26. b3 b6 27. Ne2 Ke7 28. Kd2 Nb7 29. Nf4 c6 30. Ke3 Nd6 31. f3 Nf5+ 32. Kd3 Kd6 33. Ne2 c5 34. g4 Ne7 35. Nf4 g5 36. Ne2 f5 37. f4 fxg4 1/2-1/2

[Event "SVK-chT3B2 1819"]
[Site "Slovakia"]
[Date "2019.01.13"]
[Round "5.7"]
[White "Gajdos, Marek"]
[Black "Hablak, Jan"]
[Result "1-0"]
[WhiteElo "1569"]
[BlackElo "1437"]
[PlyCount "91"]
[EventDate "2018.10.21"]
[EventType "team-tourn"]
[EventRounds "11"]
[EventCountry "SVK"]
[SourceTitle "CBM 189 Extra"]
[Source "ChessBase"]
[SourceDate "2019.05.31"]
[SourceVersion "1"]
[SourceVersionDate "2019.05.31"]
[SourceQuality "1"]
[WhiteTeam "Chynorany"]
[BlackTeam "Trencin "]
[WhiteTeamCountry "SVK"]
[BlackTeamCountry "SVK"]

1. d4 d5 2. c4 c6 3. cxd5 cxd5 4. Nc3 Nf6 5. Bf4 e6 6. Nf3 Nbd7 7. e3 Bb4 8. a3 Bxc3+ 9. bxc3 0-0 10. Bd3 b6 11. Qc2 Re8 12. Bg5 Nf8 13. Ne5 Ng6 14. Bb5 Rf8 15. Bc6 Rb8 16. Nxg6 hxg6 17. Bf4 Bb7 18. Bxb8 Qxb8 19. Bxb7 Qxb7 20. f3 Qc7 21. Rc1 Rc8 22. 0-0 Kh7 23. e4 Rh8 24. e5 Nh5 25. Qd2 g5 26. Qxg5 g6 27. g4 Ng7 28. Rf2 Kg8 29. a4 Kf8 30. Rfc2 Qd7 31. c4 Qxa4 32. cxd5 Qxd4+ 33. Kg2 Qxd5 34. Rc8+ Ne8 35. Rxe8+ Kxe8 36. Rc8+ Kd7 37. Rxh8 Qa2+ 38. Kg3 Qa1 39. Qd8+ Kc6 40. Qd6+ Kb5 41. Qd3+ Ka5 42. Qe3 a6 43. Rd8 Qb1 44. Rd3 b5 45. Ra3+ Kb4 46. Qc3# 1-0

[Event "SVK-chT3B2 1819"]
[Site "Slovakia"]
[Date "2018.11.25"]
[Round "3.7"]
[White "Hrubisko, Lukas"]
[Black "Hablak, Jan"]
[Result "0-1"]
[WhiteElo "1222"]
[BlackElo "1437"]
[PlyCount "50"]
[EventDate "2018.10.21"]
[EventType "team-tourn"]
[EventRounds "11"]
[EventCountry "SVK"]
[SourceTitle "CBM 189 Extra"]
[Source "ChessBase"]
[SourceDate "2019.05.31"]
[SourceVersion "1"]
[SourceVersionDate "2019.05.31"]
[SourceQuality "1"]
[WhiteTeam "Dubnica nad Vahom  III"]
[BlackTeam "Trencin "]
[WhiteTeamCountry "SVK"]
[BlackTeamCountry "SVK"]

1. d4 d5 2. Bf4 Nf6 3. Nf3 e6 4. e3 Bd6 5. Bg3 Ne4 6. Bd3 Nxg3 7. hxg3 Nc6 8. Rxh7 Rxh7 9. Bxh7 g6 10. Nbd2 Qf6 11. Bg8 Qg7 12. Bxf7+ Qxf7 13. Qe2 Bd7 14. 0-0-0 0-0-0 15. Ng5 Qf5 16. f4 Rh8 17. Ngf3 Qg4 18. Qf2 Qf5 19. Rf1 Nb4 20. Nb3 Nxa2+ 21. Kb1 Nb4 22. Qd2 Bb5 23. Rd1 Bc4 24. Qc3 Bxb3 25. Qxb3 Qg4 0-1

[Event "SVK-chT3B2 1819"]
[Site "Slovakia"]
[Date "2018.10.21"]
[Round "1.7"]
[White "Kamas, Samuel"]
[Black "Hablak, Jan"]
[Result "1/2-1/2"]
[WhiteElo "1814"]
[BlackElo "1437"]
[PlyCount "88"]
[EventDate "2018.10.21"]
[EventType "team-tourn"]
[EventRounds "11"]
[EventCountry "SVK"]
[SourceTitle "CBM 189 Extra"]
[Source "ChessBase"]
[SourceDate "2019.05.31"]
[SourceVersion "1"]
[SourceVersionDate "2019.05.31"]
[SourceQuality "1"]
[WhiteTeam "Povazska Bystrica Sparta"]
[BlackTeam "Trencin "]
[WhiteTeamCountry "SVK"]
[BlackTeamCountry "SVK"]

1. e4 e6 2. d4 d5 3. exd5 exd5 4. Nf3 Nf6 5. Be2 Be7 6. 0-0 0-0 7. Bf4 Bf5 8. Nc3 Nbd7 9. a3 c6 10. Re1 Re8 11. Bd3 Bxd3 12. Qxd3 Qb6 13. Rab1 Bf8 14. Na4 Qa5 15. Qb3 Nb6 16. Nxb6 Qxb6 17. Qxb6 axb6 18. Nd2 h6 19. h3 g5 20. Bc7 Nd7 21. c4 Bg7 22. cxd5 cxd5 23. Nf3 Re6 24. Rxe6 fxe6 25. Re1 Kf7 26. Ne5+ Nxe5 27. dxe5 b5 28. Re3 Rc8 29. Rc3 Kg6 30. g3 Kf5 31. Kg2 h5 32. Rf3+ Kg6 33. Bd6 Rc2 34. Rb3 d4 35. Rd3 Rxb2 36. Rxd4 Re2 37. Kf1 Bxe5 38. Bxe5 Rxe5 39. Rd7 g4 40. h4 b6 41. Rd6 Kf5 42. Rxb6 Ke4 43. Ra6 Kf3 44. Rc6 Ke4 1/2-1/2